000 00213 a2200097 4500
001 6968
100 _aMotamar Al Alam al Islam
245 _aWorld Muslim gazetteer
260 _a
_bMotamar
_c
090 _c5752
_d5752
942 _aNUST-CAE
_cM
_c32214
999 _c242041
_d242041